| 000 | 01147cad a22002055a 4500 | ||
|---|---|---|---|
| 001 | E150909 | ||
| 008 | 100914s2010 xxk f s000 0 eng d | ||
| 020 | _a9780755994953 | ||
| 035 | _a(Sirsi) u150909 | ||
| 041 | 0 | _aeng | |
| 110 | 2 |
_aMarine Scotland _95740 |
|
| 245 | 0 | 0 |
_aConsultation on marine licensing for Scotland under the Marine (Scotland) Act 2010 and the Marine and Coastal Access Act 2009 _h[electronic resource] |
| 260 |
_aEdinburgh _bScottish Government _c2010 |
||
| 520 | _aSeeks views on a proposed marine licensing system, and comments are invited on: the application process; fee structure; statutory consultees; appeals against licensing decisions; public register; exemptions; registration of activities below specified threshold of environmental impact; appeals against statutory notices. Deadline for comments is 1 December 2010. | ||
| 590 | _aKA | ||
| 651 | 4 |
_aScotland _y1999- |
|
| 690 | _aPROPERTY-RURAL AND NATURAL ASSETS-MARINE RESOURCES-MARINE RESOURCE MANAGEMENT | ||
| 856 | 4 | 0 |
_uhttps://www.scotland.gov.uk/Publications/2010/09/08154314/0 _zView the consultation free of charge at www.scotland.gov.uk |
| 942 | _n0 | ||
| 999 |
_c111015 _d111015 |
||